Cruzando la cerca / (Registro nro. 31758)

Detalles MARC
000 -LEADER
campo de control de longitud fija 01820cam a22004814i 4500
003 - IDENTIFICADOR DE NÚMERO DE CONTROL
campo de control PE-LiUPU
005 - FECHA Y HORA DE LA ÚLTIMA TRANSACCIÓN
campo de control 20250731173117.0
008 - DATOS DE LONGITUD FIJA--INFORMACIÓN GENERAL
campo de control de longitud fija 190829s2009 pe r 000 0 spa d
035 ## - NÚMERO DE CONTROL DEL SISTEMA
Número de control de sistema (Sirsi) a252532
040 ## - FUENTE DE CATALOGACIÓN
Centro catalogador/agencia de origen PE-LiUPU
Lengua de catalogación spa
Centro/agencia transcriptor PE-LiUPU
Normas de descripción rda
049 ## - FONDOS LOCALES (OCLC)
Biblioteca depositaria PRUA
082 04 - NÚMERO DE LA CLASIFICACIÓN DECIMAL DEWEY
Número de clasificación 242
Cutter F38
Número de edición 23
100 1# - ENTRADA PRINCIPAL--NOMBRE DE PERSONA
Nombre de persona Fernández, Israel,
Término indicativo de función/relación autor.
245 10 - MENCIÓN DEL TÍTULO
Título Cruzando la cerca /
Mención de responsabilidad, etc. Israel Fernández.
264 #1 - PRODUCCIÓN, PUBLICACIÓN, DISTRIBUCIÓN, FABRICACIÓN Y COPYRIGHT
Producción, publicación, distribución, fabricación y copyright Lima :
Nombre del de productor, editor, distribuidor, fabricante Fortaleza,
Fecha de producción, publicación, distribución, fabricación o copyright 2009.
300 ## - DESCRIPCIÓN FÍSICA
Extensión 110 páginas ;
Dimensiones 21 centímetros
336 ## - TIPO DE CONTENIDO
Término de tipo de contenido text
Fuente rdacontent
337 ## - TIPO DE MEDIO
Nombre/término del tipo de medio unmediated
Fuente rdamedia
338 ## - TIPO DE SOPORTE
Nombre/término del tipo de soporte volume
Fuente rdacarrier
505 0# - NOTA DE CONTENIDO CON FORMATO
Nota de contenido con formato La razón -- Había una vez una oveja negra -- Cuatro que cruzarón -- Entre rejas -- Jugar con el amor -- ¿Qué pasaría si lo supieras? -- Amor de hogar -- Inocente curiosidad -- Ilusión de libertad.
526 ## - NOTA DE INFORMACIÓN SOBRE EL PROGRAMA DE ESTUDIO
Nombre del programa Segunda Especialidad En Profecías Bíblicas
526 ## - NOTA DE INFORMACIÓN SOBRE EL PROGRAMA DE ESTUDIO
Nombre del programa Segunda Especialidad En Nuevo Testamento
526 ## - NOTA DE INFORMACIÓN SOBRE EL PROGRAMA DE ESTUDIO
Nombre del programa Segunda Especialidad En Antiguo Testamento
526 ## - NOTA DE INFORMACIÓN SOBRE EL PROGRAMA DE ESTUDIO
Nombre del programa Segunda Especialidad En Estudios Adventistas
526 ## - NOTA DE INFORMACIÓN SOBRE EL PROGRAMA DE ESTUDIO
Nombre del programa Doctorado en teología
526 ## - NOTA DE INFORMACIÓN SOBRE EL PROGRAMA DE ESTUDIO
Nombre del programa Maestría en teología histórica
526 ## - NOTA DE INFORMACIÓN SOBRE EL PROGRAMA DE ESTUDIO
Nombre del programa Maestría en teología bíblica
526 ## - NOTA DE INFORMACIÓN SOBRE EL PROGRAMA DE ESTUDIO
Nombre del programa Maestría en teología
526 ## - NOTA DE INFORMACIÓN SOBRE EL PROGRAMA DE ESTUDIO
Nombre del programa Maestría en misionología
526 ## - NOTA DE INFORMACIÓN SOBRE EL PROGRAMA DE ESTUDIO
Nombre del programa Maestría en liderazgo eclesiástico
526 ## - NOTA DE INFORMACIÓN SOBRE EL PROGRAMA DE ESTUDIO
Nombre del programa Teología
596 ## -
-- 1
650 04 - PUNTO DE ACCESO ADICIONAL DE MATERIA--TÉRMINO DE MATERIA
Término de materia o nombre geográfico como elemento de entrada Espiritu de calidad.
650 04 - PUNTO DE ACCESO ADICIONAL DE MATERIA--TÉRMINO DE MATERIA
Término de materia o nombre geográfico como elemento de entrada Valores.
650 04 - PUNTO DE ACCESO ADICIONAL DE MATERIA--TÉRMINO DE MATERIA
Término de materia o nombre geográfico como elemento de entrada Literatura para jóvenes.
910 ## - DATOS DE OPCIÓN DEL USUARIO (OCLC)
Datos de opción del usuario bgr
-- rrch
-- rrch
-- 20190829
942 ## - ELEMENTOS DE ENTRADA SECUNDARIOS (KOHA)
Fuente del sistema de clasificación o colocación Clasificación Decimal Dewey
Tipo de ítem Koha
994 ## -
-- C0
-- PEPRU
999 ## - NÚMEROS DE CONTROL DE SISTEMA (KOHA)
-- DEWEY
-- 80370
-- CRAI-HOUSE
-- BUL
-- 15.00
-- 0
-- Y
-- BOOK
-- 2019-8-29
-- UNKNOWN
-- UNKNOWN
-- DONACION
-- .STAFF. Colección General
999 ## - NÚMEROS DE CONTROL DE SISTEMA (KOHA)
-- DEWEY
-- 80371
-- CRAI-HOUSE
-- BUL
-- 15.00
-- 0
-- Y
-- BOOK
-- 2019-8-29
-- UNKNOWN
-- UNKNOWN
-- DONACION
-- .STAFF. Colección General
999 ## - NÚMEROS DE CONTROL DE SISTEMA (KOHA)
-- DEWEY
-- 80372
-- CRAI-HOUSE
-- BUL
-- 15.00
-- 0
-- Y
-- BOOK
-- 2019-8-29
-- UNKNOWN
-- UNKNOWN
-- DONACION
-- .STAFF. Colección General
980 ## - EQUIVALENCIA O REFERENCIA-CRUZADA-MENCIÓN DE SERIE--NOMBRE DE PERSONA/TÍTULO [LOCAL, CANADÁ]
ID del último usuario que modificó el registro 1
Nombre del último usuario que modificó el registro ALBERTO SANCHEZ Responsable de Automatización
Existencias
Visto por última vez Número de inventario Total de préstamos Signatura topográfica completa Código de barras Copia número Coste, precio de reemplazo Fecha de reemplazo Facultad Tipo de ítem Koha Nota pública Estado de pérdida Fuente del sistema de clasificación o colocación No para préstamo Colección Programa académico Biblioteca de origen Biblioteca actual Ubicación en estantería Fecha de adquisición Fuente de adquisición Coste, precio normal de compra
2022-12-28 1   242 F38 80370 e1 20.00 2019-08-29   Libros físicos Este Ítem NO se presta por ser Ejemplar #1. No Perdido Clasificación Decimal Dewey Disponible para préstamos Colección General Doctorado en teología Biblioteca CRAI UPeU Lima Biblioteca CRAI UPeU Lima Little Library 2019-08-29 DONACION 15.00
2022-12-28 1   242 F38 80371 e2 20.00 2019-08-29   Libros físicos   No Perdido Clasificación Decimal Dewey Disponible para préstamos Colección General Doctorado en teología Biblioteca CRAI UPeU Lima Biblioteca CRAI UPeU Lima Little Library 2019-08-29 DONACION 15.00
2022-12-28 1   242 F38 80372 e3 20.00 2019-08-29   Libros físicos   No Perdido Clasificación Decimal Dewey Disponible para préstamos Colección General Doctorado en teología Biblioteca CRAI UPeU Lima Biblioteca CRAI UPeU Lima Little Library 2019-08-29 DONACION 15.00